[Event "International Chess Tournament Paracin 2"]
[Site "Paracin, Serbia"]
[Date "2021.07.13"]
[Round "6.2"]
[White "Sturt, Raven"]
[Black "Budisavljevic, Luka"]
[Result "1-0"]
[WhiteElo "2500"]
[BlackElo "2509"]
[PlyCount "215"]
[EventDate "2021.??.??"]

1. d4 Nf6 2. c4 e6 3. Nf3 c5 4. d5 d6 5. Nc3 exd5 6. cxd5 g6 7. Nd2 Bg7 8. e4
O-O 9. Be2 Re8 10. O-O a6 11. a4 Nbd7 12. Re1 Ne5 13. f4 Neg4 14. Bf3 h5 15.
Nc4 Nh7 16. Bxg4 Bxg4 17. Qd3 Bd4+ 18. Be3 Qf6 19. h3 Bd7 20. Nb6 Bxe3+ 21.
Qxe3 Rad8 22. Rad1 Qg7 23. Nc4 Bc8 24. Qg3 f6 25. a5 Kh8 26. Kh2 g5 27. f5 Qe7
28. Kg1 Rg8 29. Re3 h4 30. Qh2 Rg7 31. Rde1 Qc7 32. Kh1 Qe7 33. R1e2 Rgg8 34.
Kg1 Rg7 35. Kf1 Rgg8 36. Ke1 Rg7 37. Kd2 Nf8 38. Kc2 Nh7 39. Re1 Qc7 40. Kc1
Qe7 41. Rh1 Qf8 42. g3 Bd7 43. gxh4 Bb5 44. Nb6 gxh4 45. Qf2 Qe7 46. Qxh4 Qe5
47. Rf3 Rdg8 48. Rd1 Rg1 49. Qf2 R1g2 50. Qe3 Qh2 51. Nba4 Rc2+ 52. Kb1 Rgg2
53. Ka1 Qe5 54. Rg1 Bxa4 55. Rxg2 Rxg2 56. Nxa4 Qe8 57. Nc3 Qd8 58. Rg3 Qxa5+
59. Kb1 Rxg3 60. Qxg3 Qc7 61. h4 Qe7 62. Qe3 Nf8 63. Ne2 Kh7 64. Nf4 Nd7 65.
Ne6 Ne5 66. Qb3 b5 67. Qa3 Qa7 68. Qa5 Nf7 69. h5 c4 70. Qe1 Ne5 71. Qg3 Qe7
72. Qa3 Qf7 73. Qxa6 Qxh5 74. Qb7+ Nf7 75. Ka2 c3 76. bxc3 Kh6 77. Qxb5 Qd1 78.
Ka3 Qa1+ 79. Kb4 Qb2+ 80. Ka5 Qxc3+ 81. Ka6 Qc8+ 82. Qb7 Qe8 83. Qc6 Qe7 84.
Qc3 Ng5 85. Qg3 Kh7 86. Qh4+ Kg8 87. Qf4 Kf7 88. Qh4 Kg8 89. Kb6 Qe8 90. Nxg5
Qd8+ 91. Kc6 fxg5 92. Qh5 Qc8+ 93. Kxd6 Qd8+ 94. Ke6 Qc8+ 95. Kf6 Qd8+ 96. Kg6
Qe8+ 97. Kxg5 Qe7+ 98. Kf4 Qc7+ 99. Kg4 Qc2 100. Kg5 Qc1+ 101. Kg6 Qc7 102. f6
Qd7 103. Qf5 Qf7+ 104. Kg5 Kh8 105. Qh3+ Kg8 106. Qe6 Kh8 107. Qe7 Qg6+ 108.
Kxg6 1-0

[Event "International Chess Tournament Paracin 2"]
[Site "Paracin, Serbia"]
[Date "2021.07.13"]
[Round "6.3"]
[White "Bryakin, Mikhail"]
[Black "Postny, Evgeny"]
[Result "1/2-1/2"]
[WhiteElo "2463"]
[BlackElo "2578"]
[PlyCount "65"]
[EventDate "2021.??.??"]

1. d4 Nf6 2. c4 e6 3. g3 Bb4+ 4. Bd2 Bxd2+ 5. Qxd2 O-O 6. Bg2 d5 7. Nf3 c6 8.
Qc2 b6 9. O-O Nbd7 10. cxd5 cxd5 11. Nc3 Bb7 12. Rfc1 Qe7 13. e3 Rfc8 14. Qd1
Ne8 15. Rc2 Nd6 16. Rac1 h6 17. Bf1 Qd8 18. Nb5 Rxc2 19. Rxc2 Ne8 20. Ne5 a6
21. Nc3 Nd6 22. Nxd7 Qxd7 23. b3 Rc8 24. Na4 Rc6 25. Qc1 Rxc2 26. Qxc2 Qd8 27.
Bd3 a5 28. Qc3 Qc8 29. Qxc8+ Nxc8 30. Bb5 Nd6 31. Bd3 Nc8 32. Bb5 Nd6 33. Bd3
1/2-1/2

[Event "International Chess Tournament Paracin 2"]
[Site "Paracin, Serbia"]
[Date "2021.07.13"]
[Round "6.4"]
[White "Petrosyan, Manuel"]
[Black "Kosic, Dragan"]
[Result "1/2-1/2"]
[WhiteElo "2632"]
[BlackElo "2419"]
[PlyCount "89"]
[EventDate "2021.??.??"]

1. d4 e6 2. Nf3 Nf6 3. Bf4 d5 4. e3 Bd6 5. Nbd2 Bxf4 6. exf4 O-O 7. Bd3 b6 8.
O-O c5 9. c3 Ba6 10. Bxa6 Nxa6 11. Ne5 Nc7 12. dxc5 bxc5 13. c4 Qd6 14. Qc2
Rab8 15. Rac1 Na6 16. a3 Rfc8 17. Rfe1 Rb7 18. f5 Re8 19. fxe6 Rxe6 20. Nef3
Rxe1+ 21. Rxe1 Re7 22. Rxe7 Qxe7 23. Qa4 Nb8 24. h3 dxc4 25. Nxc4 Qc7 26. Nfe5
h6 27. Qa5 Qxa5 28. Nxa5 Nfd7 29. Nxd7 Nxd7 30. Kf1 f6 31. Ke2 Kf7 32. Kd3 Ke6
33. Kc4 Ne5+ 34. Kxc5 Nd3+ 35. Kd4 Nxb2 36. Nc6 a6 37. Nb4 a5 38. Nd5 Nd1 39.
Nf4+ Kd6 40. Nd3 g5 41. g4 Kc6 42. Kc4 Kd6 43. Kd4 Kc6 44. Kc4 Kd6 45. Kd4
1/2-1/2

[Event "International Chess Tournament Paracin 2"]
[Site "Paracin, Serbia"]
[Date "2021.07.13"]
[Round "6.5"]
[White "Aleksandrov, Aleksej"]
[Black "Yankelevich, Lev"]
[Result "1/2-1/2"]
[WhiteElo "2535"]
[BlackElo "2389"]
[PlyCount "45"]
[EventDate "2021.??.??"]

1. Nf3 Nf6 2. e3 g6 3. b4 Bg7 4. Bb2 a5 5. b5 b6 6. Be2 Bb7 7. O-O O-O 8. d3 d6
9. c4 e5 10. Nc3 Nbd7 11. Nd2 Nc5 12. Qc2 Re8 13. Bf3 Bxf3 14. Nxf3 Nxd3 15.
Qxd3 e4 16. Nxe4 Nxe4 17. Bxg7 Kxg7 18. Nd4 Qf6 19. Ne2 Nc5 20. Qc2 Ne4 21.
Rac1 Qe5 22. Nf4 f5 23. Nd5 1/2-1/2

[Event "International Chess Tournament Paracin 2"]
[Site "Paracin, Serbia"]
[Date "2021.07.13"]
[Round "6.6"]
[White "Mullick, Raahil"]
[Black "Gharibyan, Mamikon"]
[Result "0-1"]
[WhiteElo "2386"]
[BlackElo "2464"]
[PlyCount "86"]
[EventDate "2021.??.??"]

1. e4 e5 2. Nf3 Nc6 3. Bb5 a6 4. Ba4 Nf6 5. O-O Be7 6. Re1 b5 7. Bb3 d6 8. c3
O-O 9. h3 Bb7 10. d4 Re8 11. Ng5 Rf8 12. Nf3 Re8 13. Nbd2 Bf8 14. a4 h6 15. Bc2
exd4 16. cxd4 Nb4 17. Bb1 c5 18. d5 Nd7 19. Ra3 c4 20. Nd4 Nc5 21. axb5 axb5
22. Nxb5 Ba6 23. Nc3 Nbd3 24. Re2 Be7 25. Ba2 Nb3 26. Bxb3 cxb3 27. Nxb3 Nxc1
28. Nxc1 Bxe2 29. N1xe2 Bf6 30. g3 Rxa3 31. bxa3 Qa5 32. Qd3 Qxa3 33. Qc4 Rb8
34. Qc7 Qb4 35. Kg2 g6 36. h4 h5 37. f4 Qb2 38. e5 dxe5 39. fxe5 Bd8 40. Qc6
Ba5 41. Kh3 Bxc3 42. Nxc3 Qc2 43. Qc4 Rb2 0-1

[Event "International Chess Tournament Paracin 2"]
[Site "Paracin, Serbia"]
[Date "2021.07.13"]
[Round "6.7"]
[White "Pranav, V."]
[Black "Aditya, Mittal"]
[Result "1/2-1/2"]
[WhiteElo "2366"]
[BlackElo "2438"]
[PlyCount "48"]
[EventDate "2021.??.??"]

1. e4 c5 2. Nf3 d6 3. d4 cxd4 4. Nxd4 Nf6 5. Nc3 a6 6. a4 e5 7. Nf3 Be7 8. Bc4
Be6 9. Ba2 O-O 10. O-O Nc6 11. Bg5 Nb4 12. Bxf6 Bxf6 13. Bxe6 fxe6 14. Ne2 Qc7
15. c3 Nc6 16. Qb3 Rfe8 17. Qc4 Rac8 18. Rfd1 Na5 19. Qa2 Qc4 20. b4 Qxa2 21.
Rxa2 Nc4 22. Nd2 Be7 23. Nxc4 Rxc4 24. f3 b6 1/2-1/2

[Event "International Chess Tournament Paracin 2"]
[Site "Paracin, Serbia"]
[Date "2021.07.13"]
[Round "6.8"]
[White "Pikula, Dejan"]
[Black "Ahmadzada, Ahmad"]
[Result "1/2-1/2"]
[WhiteElo "2384"]
[BlackElo "2431"]
[PlyCount "42"]
[EventDate "2021.??.??"]

1. e4 c5 2. Nf3 e6 3. d4 cxd4 4. Nxd4 Nf6 5. Nc3 d6 6. g4 a6 7. Bg2 Nc6 8. h3
Qc7 9. O-O Be7 10. Be3 O-O 11. f4 Nxd4 12. Qxd4 Nd7 13. g5 b5 14. f5 Bb7 15.
Rf2 Rfe8 16. fxe6 fxe6 17. Raf1 Ne5 18. b3 Bf8 19. Nd1 g6 20. Bf4 Bg7 21. Qd2
Rf8 1/2-1/2

[Event "International Chess Tournament Paracin 2"]
[Site "Paracin, Serbia"]
[Date "2021.07.13"]
[Round "6.9"]
[White "Agibileg, Uurtsaikh"]
[Black "Ter-Sahakyan, Samvel"]
[Result "0-1"]
[WhiteElo "2413"]
[BlackElo "2643"]
[PlyCount "60"]
[EventDate "2021.??.??"]

1. d4 Nf6 2. c4 e6 3. Nc3 Bb4 4. f3 c5 5. d5 b5 6. e4 d6 7. Bd2 Bxc3 8. Bxc3 b4
9. Bd2 O-O 10. Be3 exd5 11. cxd5 Nfd7 12. Nh3 Qh4+ 13. Nf2 f5 14. exf5 Rxf5 15.
Rc1 Nb6 16. Bd3 Re5 17. Be4 Ba6 18. g3 Qe7 19. Bf4 Rxd5 20. Qb3 Nc6 21. Qe3 Qf7
22. Nh3 Re8 23. Kf2 Rd3 24. Qe1 h6 25. Kg2 Nd4 26. Qf2 Rxf3 27. Bxf3 Nxf3 28.
Kxf3 Qd5+ 29. Kg4 Be2+ 30. Kh4 Qh5# 0-1

[Event "International Chess Tournament Paracin 2"]
[Site "Paracin, Serbia"]
[Date "2021.07.13"]
[Round "6.10"]
[White "Safarli, Eltaj"]
[Black "Raja, Rithvik R"]
[Result "1/2-1/2"]
[WhiteElo "2604"]
[BlackElo "2408"]
[PlyCount "75"]
[EventDate "2021.??.??"]

1. Nf3 d5 2. g3 Nf6 3. Bg2 c5 4. O-O g6 5. d4 cxd4 6. Nxd4 Bg7 7. Nb3 O-O 8.
Nc3 e6 9. e4 Nxe4 10. Nxe4 dxe4 11. Qxd8 Rxd8 12. Bxe4 Nc6 13. Bg5 f6 14. Be3
f5 15. Bxc6 bxc6 16. Rfd1 Ba6 17. c3 Bc4 18. Rxd8+ Rxd8 19. Nd2 Ba6 20. Nf3 Rd7
21. Nd4 Bxd4 22. Bxd4 Be2 23. f4 Bf3 24. Kf2 Be4 25. b4 Bd5 26. a4 a6 27. Ke3
Bc4 28. h3 h6 29. g4 Kf7 30. Rg1 Rd8 31. a5 Rd7 32. g5 h5 33. h4 Rd8 34. Rg2 e5
35. fxe5 Ke6 36. Rf2 Rd5 37. Rf4 Rd7 38. Rf2 1/2-1/2

[Event "International Chess Tournament Paracin 2"]
[Site "Paracin, Serbia"]
[Date "2021.07.13"]
[Round "6.11"]
[White "Puranik, Abhimanyu"]
[Black "Babazada, Khazar"]
[Result "0-1"]
[WhiteElo "2589"]
[BlackElo "2409"]
[PlyCount "88"]
[EventDate "2021.??.??"]

1. e4 e5 2. Nf3 Nc6 3. Bc4 Bc5 4. c3 Nf6 5. d3 d6 6. h3 O-O 7. O-O a6 8. Bb3
Ba7 9. Re1 Re8 10. Nbd2 h6 11. Nf1 Be6 12. Bc2 d5 13. Qe2 Qd7 14. Ng3 Rad8 15.
Bd2 b5 16. Red1 dxe4 17. dxe4 Bc4 18. Qe1 Qe6 19. b3 Bd3 20. Bxd3 Rxd3 21. Be3
Red8 22. Bxa7 Nxa7 23. Rxd3 Rxd3 24. Rd1 Rxd1 25. Qxd1 Nc6 26. Qc2 g6 27. Nf1
Kg7 28. Ne3 Qd6 29. b4 Nd8 30. c4 Nc6 31. Nd5 Nxb4 32. Nxb4 Qxb4 33. cxb5 axb5
34. Qxc7 Qb1+ 35. Kh2 Qxe4 36. Nxe5 Qf4+ 37. Kg1 Nd5 38. Qb8 Nc3 39. Qe8 b4 40.
g3 Qf5 41. g4 Qb1+ 42. Kg2 Qxa2 43. Qb8 Qd5+ 44. Kh2 b3 0-1

[Event "International Chess Tournament Paracin 2"]
[Site "Paracin, Serbia"]
[Date "2021.07.13"]
[Round "6.12"]
[White "Simantsev, Mikhail"]
[Black "Suleymanli, Aydin"]
[Result "1/2-1/2"]
[WhiteElo "2398"]
[BlackElo "2563"]
[PlyCount "113"]
[EventDate "2021.??.??"]

1. d4 Nf6 2. c4 Nc6 3. Nf3 e6 4. a3 d6 5. Nc3 g6 6. d5 Ne7 7. dxe6 Bxe6 8. e4
Bg7 9. Be2 O-O 10. O-O a5 11. Nd4 Bd7 12. Be3 Re8 13. Qd2 Nc6 14. f3 a4 15.
Rad1 Nxd4 16. Bxd4 Bc6 17. c5 dxc5 18. Bxc5 Qxd2 19. Rxd2 Bh6 20. Rdd1 Nd7 21.
Bd4 Ra5 22. Bc4 Kf8 23. Nd5 Ne5 24. Ba2 Bxd5 25. Bxd5 c6 26. Ba2 g5 27. Bc3 Rb5
28. Rd6 Bg7 29. Rfd1 Ng6 30. Rd7 Ne7 31. Bxg7+ Kxg7 32. R1d2 Kf8 33. Kf2 Rc8
34. Kg3 h5 35. Kf2 Ke8 36. R7d4 Ra8 37. g3 Ng6 38. Ke3 Nf8 39. f4 Ke7 40. e5
gxf4+ 41. gxf4 f6 42. Rg2 fxe5 43. Rg7+ Ke8 44. Bf7+ Ke7 45. Bc4+ Ke8 46. Re4
Rc5 47. Rxe5+ Rxe5+ 48. fxe5 Ra5 49. Ke4 Nd7 50. Rg8+ Ke7 51. Rg7+ Ke8 52. Rg5
h4 53. Be6 Rb5 54. Bxd7+ Kxd7 55. Rg7+ Ke6 56. Rg6+ Kf7 57. Rf6+ 1/2-1/2

[Event "International Chess Tournament Paracin 2"]
[Site "Paracin, Serbia"]
[Date "2021.07.13"]
[Round "6.13"]
[White "Bhambure, Shantanu"]
[Black "Iskandarov, Misratdin"]
[Result "1/2-1/2"]
[WhiteElo "2391"]
[BlackElo "2533"]
[PlyCount "167"]
[EventDate "2021.??.??"]

1. d4 Nf6 2. c4 g6 3. Nc3 Bg7 4. e4 d6 5. Nf3 O-O 6. Be2 Bg4 7. Be3 Nfd7 8. Ng1
Bxe2 9. Ngxe2 c5 10. O-O cxd4 11. Nxd4 Nc6 12. h3 Nc5 13. Qd2 Rc8 14. Rfd1 Ne6
15. Nde2 Kh8 16. b3 f5 17. exf5 gxf5 18. Bh6 Be5 19. Bxf8 Qxf8 20. f4 Bf6 21.
Qe3 Nc5 22. Rac1 Qg7 23. Qg3 Qh6 24. Nd5 Rg8 25. Qf3 Bh4 26. Ndc3 e5 27. Kh2
exf4 28. Nd5 Ne5 29. Qxf4 Bg5 30. Qd4 Bxc1 31. Rxc1 Ne6 32. Qc3 f4 33. Rf1 Qg7
34. g4 f3 35. Ng3 Nf4 36. Nf5 Nxd5 37. Qd2 Qf6 38. cxd5 h5 39. Qh6+ Qxh6 40.
Nxh6 Rg6 41. Nf5 hxg4 42. hxg4 Nxg4+ 43. Kh3 Ne5 44. Nh4 Rg5 45. Nxf3 Nxf3 46.
Rxf3 Kg7 47. Rc3 Kf6 48. Rc7 b5 49. Rxa7 Rxd5 50. Kg4 Ke5 51. a4 b4 52. Rb7
Rd4+ 53. Kg5 Ke4 54. Kf6 Kd3 55. a5 Kc3 56. a6 Rd5 57. a7 Ra5 58. Ke6 d5 59.
Ke5 Kxb3 60. Kd4 Ka3 61. Kd3 Ra4 62. Kc2 d4 63. Kb1 Kb3 64. Rd7 Kc3 65. Rc7+
Kd3 66. Kb2 Ra3 67. Rh7 Kc4 68. Rc7+ Kd5 69. Rd7+ Ke5 70. Rb7 Ke4 71. Re7+ Kf3
72. Rf7+ Ke3 73. Re7+ Kd2 74. Rh7 d3 75. Rh2+ Ke3 76. Rh3+ Kd4 77. Rh4+ Kc5 78.
Rh7 Kc6 79. Rh4 Kc5 80. Rh7 Kc6 81. Rh4 Rxa7 82. Rxb4 Rd7 83. Kc1 Kc5 84. Rh4
1/2-1/2

[Event "International Chess Tournament Paracin 2"]
[Site "Paracin, Serbia"]
[Date "2021.07.13"]
[Round "6.14"]
[White "Kamer, Kayra"]
[Black "Nikitenko, Mihail"]
[Result "0-1"]
[WhiteElo "2355"]
[BlackElo "2472"]
[PlyCount "66"]
[EventDate "2021.??.??"]

1. Nf3 d5 2. g3 c5 3. Bg2 Nc6 4. O-O g6 5. d3 Bg7 6. c3 e6 7. e4 Nge7 8. h4 b6
9. h5 dxe4 10. h6 Bxh6 11. Bxh6 exf3 12. Qxf3 Bb7 13. Qf6 Rg8 14. Bg5 Na5 15.
Nd2 Bxg2 16. Kxg2 Qd7 17. Ne4 Nd5 18. b4 Nb7 19. Qe5 f5 20. c4 fxe4 21. dxe4
Nxb4 22. Rad1 Qf7 23. Qb2 Nc6 24. Qb5 Rc8 25. e5 Qf5 26. Qa6 Rc7 27. Rd6 Kf7
28. Rh1 h5 29. Rh4 Qxg5 30. Rxc6 Qxe5 31. Qa4 Na5 32. Rxc7+ Qxc7 33. Qc2 Nc6
0-1

[Event "International Chess Tournament Paracin 2"]
[Site "Paracin, Serbia"]
[Date "2021.07.13"]
[Round "6.15"]
[White "Vatsal, Singhania"]
[Black "Gavrilescu, David"]
[Result "1/2-1/2"]
[WhiteElo "2371"]
[BlackElo "2470"]
[PlyCount "70"]
[EventDate "2021.??.??"]

1. e4 e6 2. d4 d5 3. Nd2 c5 4. Ngf3 cxd4 5. Nxd4 Nc6 6. Bb5 Bd7 7. Nxc6 Bxc6 8.
Bxc6+ bxc6 9. c4 Qa5 10. O-O Nf6 11. Qc2 Qa6 12. a3 Be7 13. Rb1 O-O 14. b4 dxe4
15. Nxe4 Nxe4 16. Qxe4 Qa4 17. Bb2 Rfd8 18. Rbe1 a5 19. Re3 Rd1 20. b5 Rad8 21.
bxc6 Rxf1+ 22. Kxf1 Rc8 23. Qg4 Bf8 24. Bxg7 h5 25. Qd4 Bxg7 26. Rg3 e5 27.
Rxg7+ Kh8 28. Qd5 Kxg7 29. Qxe5+ f6 30. Qe7+ Kg6 31. Qe4+ Kh6 32. Qe3+ Kh7 33.
Qe7+ Kg6 34. Qe4+ Kh6 35. Qe3+ Kh7 1/2-1/2

[Event "International Chess Tournament Paracin 2"]
[Site "Paracin, Serbia"]
[Date "2021.07.13"]
[Round "6.16"]
[White "Grieve, Harry"]
[Black "Dudin, Gleb"]
[Result "1/2-1/2"]
[WhiteElo "2351"]
[BlackElo "2439"]
[PlyCount "101"]
[EventDate "2021.??.??"]

1. e4 c6 2. d4 d5 3. Nd2 dxe4 4. Nxe4 Bf5 5. Qf3 e6 6. Ne2 Nd7 7. N2g3 Bg6 8.
h4 h6 9. Bd3 Ngf6 10. Bf4 Nxe4 11. Nxe4 Qa5+ 12. Bd2 Qd5 13. h5 Bh7 14. Be3
Bb4+ 15. Ke2 Be7 16. c4 Qa5 17. a3 O-O 18. b4 Qa4 19. Qg3 Kh8 20. Qc7 Rfd8 21.
Qxb7 Rab8 22. Qc7 Rbc8 23. Qb7 Rb8 24. Qc7 Rbc8 25. Qb7 Bxe4 26. Bxe4 Bd6 27.
b5 Rc7 28. Qa6 Qxc4+ 29. Bd3 Qd5 30. f3 Nf6 31. bxc6 Rxc6 32. Qa4 Rb6 33. Rhb1
Bb8 34. Rxb6 axb6 35. Qb5 Qxb5 36. Bxb5 Nxh5 37. Rc1 Bf4 38. Rc6 Bxe3 39. Kxe3
Nf6 40. a4 g5 41. Bc4 Rb8 42. d5 Nxd5+ 43. Bxd5 exd5 44. Rxh6+ Kg7 45. Rd6 Re8+
46. Kd2 Ra8 47. Rxd5 Rxa4 48. Rxg5+ Kf6 49. Rb5 Ra2+ 50. Ke3 Rxg2 51. Rxb6+
1/2-1/2

[Event "International Chess Tournament Paracin 2"]
[Site "Paracin, Serbia"]
[Date "2021.07.13"]
[Round "6.17"]
[White "Samaridis, Konstantinos"]
[Black "Sankalp, Gupta"]
[Result "0-1"]
[WhiteElo "2081"]
[BlackElo "2429"]
[PlyCount "68"]
[EventDate "2021.??.??"]

1. e4 c6 2. Nf3 d5 3. Nc3 Bg4 4. h3 Bxf3 5. Qxf3 e6 6. Be2 Bc5 7. O-O Ne7 8.
Rd1 d4 9. Nb1 Nd7 10. d3 O-O 11. Qg3 f5 12. exf5 Nxf5 13. Qg5 Be7 14. Qd2 Ne5
15. Qe1 Nh4 16. Bg4 Qd5 17. Qe4 Nxg4 18. Qxg4 Rf5 19. Qe4 Raf8 20. Rf1 Re5 21.
Qxd5 exd5 22. Bd2 Re2 23. c3 Bc5 24. Bg5 Ng6 25. b4 Bb6 26. c4 h6 27. Bc1 Ne5
28. c5 Bc7 29. Nd2 Nxd3 30. Nf3 Be5 31. Rd1 Nxf2 32. Rd2 d3 33. Nxe5 Re1+ 34.
Kh2 Rh1+ 0-1

[Event "International Chess Tournament Paracin 2"]
[Site "Paracin, Serbia"]
[Date "2021.07.13"]
[Round "6.18"]
[White "Sredojevic, Ivan"]
[Black "Stankovic, Milos"]
[Result "1/2-1/2"]
[WhiteElo "2284"]
[BlackElo "2421"]
[PlyCount "89"]
[EventDate "2021.??.??"]

1. Nf3 d5 2. g3 Nf6 3. Bg2 e6 4. O-O Be7 5. d4 O-O 6. c4 c6 7. Qc2 b6 8. Rd1
Nbd7 9. Nc3 Ba6 10. Ne5 Qc8 11. cxd5 cxd5 12. Bg5 h6 13. Bxf6 Bxf6 14. Nxd7
Qxd7 15. Rac1 Rac8 16. e3 Rc7 17. Bf1 Bxf1 18. Rxf1 Rfc8 19. Qd2 Be7 20. Ne2
Qa4 21. Rxc7 Rxc7 22. Rc1 Rxc1+ 23. Nxc1 Qc4 24. a3 a5 25. Nd3 Bd6 26. Kg2 b5
27. Qd1 g6 28. h4 Kg7 29. Qd2 b4 30. axb4 axb4 31. Qd1 f5 32. Nc1 Kf6 33. b3
Qc3 34. Ne2 Qb2 35. Qd3 g5 36. hxg5+ hxg5 37. Qa6 Be7 38. Qd3 Qa2 39. Nc1 Qa1
40. Ne2 Qe1 41. Qc2 g4 42. Qd3 Bd6 43. Qa6 Bc7 44. Qc8 Qxe2 45. Qf8+ 1/2-1/2

[Event "International Chess Tournament Paracin 2"]
[Site "Paracin, Serbia"]
[Date "2021.07.13"]
[Round "6.19"]
[White "Polschikov, Alexey"]
[Black "Kurmangaliyeva, Liya"]
[Result "1-0"]
[WhiteElo "2420"]
[BlackElo "2322"]
[PlyCount "55"]
[EventDate "2021.??.??"]

1. e4 c5 2. Nf3 Nc6 3. c3 Nf6 4. e5 Nd5 5. d4 cxd4 6. cxd4 d6 7. Bc4 dxe5 8.
dxe5 Ndb4 9. Qb3 e6 10. O-O Bd7 11. Be2 Be7 12. Nc3 O-O 13. Qc4 Rc8 14. Qe4 Na6
15. Be3 Nc5 16. Qg4 Kh8 17. Rad1 Qc7 18. b4 Na6 19. b5 Ncb8 20. Ne4 Nc5 21. Nd6
Bxd6 22. exd6 Qd8 23. Qh5 Ne4 24. Bd3 Nf6 25. Qh4 Kg8 26. Ne5 Rc3 27. Bg5 h6
28. Ng4 1-0

[Event "International Chess Tournament Paracin 2"]
[Site "Paracin, Serbia"]
[Date "2021.07.13"]
[Round "6.20"]
[White "Abergel, Thal"]
[Black "Samadov, Read"]
[Result "1-0"]
[WhiteElo "2414"]
[BlackElo "2332"]
[PlyCount "59"]
[EventDate "2021.??.??"]

1. d4 Nf6 2. Nc3 d5 3. Bf4 e6 4. Nb5 Na6 5. e3 c6 6. Nc3 Be7 7. g4 Qb6 8. Rb1
c5 9. g5 Ne4 10. Nxe4 dxe4 11. Bg2 cxd4 12. exd4 Qa5+ 13. c3 Qf5 14. Ne2 O-O
15. h4 Rd8 16. Qc2 Qa5 17. Bxe4 Bd7 18. b4 Qb5 19. Bxh7+ Kh8 20. Bd3 Qd5 21.
Be4 Qc4 22. Qd3 Qxa2 23. Qf3 Kg8 24. Qh5 g6 25. Bxg6 fxg6 26. Qxg6+ Kf8 27. Be5
Bxb4 28. Rxb4 Qd5 29. Qf6+ Ke8 30. g6 1-0

[Event "International Tournament "]
[Site "Pool "]
[Date "2021.07.13"]
[Round "6.21"]
[White "Annaberdiev, Meilis"]
[Black "Heinemann, Josefine"]
[Result "1-0"]
[WhiteElo "2532"]
[BlackElo "2285"]
[PlyCount "37"]
[EventDate "2021.07.09"]

1. Nf3 d5 2. c4 c6 3. e3 Nf6 4. Nc3 e6 5. b3 Be7 6. Bb2 Nbd7 7. Qc2 b6 8. Be2
Bb7 9. g4 h6 10. Rg1 Qc7 11. h4 h5 12. gxh5 Nxh5 13. Ng5 Nf8 14. cxd5 exd5 15.
Nxd5 Qd6 16. Nxf7 Qh2 17. Nc7+ Kxf7 18. Bc4+ Ne6 19. Qf5+ 1-0

[Event "International Tournament "]
[Site "Pool "]
[Date "2021.07.13"]
[Round "6.22"]
[White "Kamalidenova, Meruert"]
[Black "Sadikhov, Ulvi"]
[Result "0-1"]
[WhiteElo "2334"]
[BlackElo "2490"]
[Annotator "Balkanchess"]
[PlyCount "42"]
[EventDate "2021.07.09"]

1. e4 c5 2. Nf3 Nc6 3. d4 cxd4 4. Nxd4 Qb6 5. Nb3 Nf6 6. Bd3 d6 7. O-O g6 8. c4
Bg7 9. Nc3 O-O 10. h3 Qd8 11. Be3 b6 12. f4 Bb7 13. Qe2 Re8 14. a3 Nd7 15. Rad1
Nc5 16. Bc2 Nxb3 17. Bxb3 Na5 18. Ba2 Bxc3 19. bxc3 Ba6 20. e5 Bxc4 21. Bxc4
Nxc4 {...44} 0-1

[Event "International Tournament "]
[Site "Pool "]
[Date "2021.07.13"]
[Round "6.23"]
[White "Raja, Harshit"]
[Black "Yordanov, Lachezar"]
[Result "1-0"]
[WhiteElo "2484"]
[BlackElo "2325"]
[PlyCount "59"]
[EventDate "2021.07.09"]

1. e4 c5 2. Nf3 d6 3. d4 cxd4 4. Nxd4 Nf6 5. Nc3 a6 6. Bg5 Nbd7 7. Qe2 e6 8. g3
b5 9. Bg2 Bb7 10. O-O Qc7 11. a4 b4 12. Nd5 exd5 13. exd5+ Be7 14. Nf5 O-O 15.
Qxe7 Rfe8 16. Qxd6 Qxc2 17. Ne7+ Kh8 18. Qxb4 Qc5 19. Qxb7 Rab8 20. Qxa6 Qxe7
21. a5 Qb4 22. Qd3 h6 23. Bd2 Qxb2 24. Rfb1 Qe5 25. Bf4 Rxb1+ 26. Rxb1 Qe7 27.
d6 Qe6 28. Ra1 Nc5 29. Qb5 Nd5 30. Rd1 1-0

[Event "International Tournament "]
[Site "Pool "]
[Date "2021.07.13"]
[Round "6.24"]
[White "Aitbayev, Aslan"]
[Black "Vetokhin, Savva"]
[Result "1-0"]
[WhiteElo "2475"]
[BlackElo "2324"]
[PlyCount "57"]
[EventDate "2021.07.09"]

1. e4 e5 2. Nf3 Nf6 3. d4 Nxe4 4. Bd3 d5 5. Nxe5 Nd7 6. Nxd7 Bxd7 7. O-O Bd6 8.
Nc3 Nxc3 9. bxc3 O-O 10. Qh5 f5 11. Re1 h6 12. Qf3 c6 13. Bf4 Qc7 14. Be5 Rae8
15. Qf4 Bxe5 16. dxe5 c5 17. h4 Qa5 18. c4 d4 19. Qf3 Qa6 20. Qd5+ Be6 21. Qxc5
Rd8 22. a4 Qc6 23. Qxa7 Bxc4 24. Bxc4+ Qxc4 25. Qxb7 Qxc2 26. Rac1 Qd2 27. e6
Rc8 28. e7 Rxc1 29. exf8=Q+ 1-0

[Event "International Tournament "]
[Site "Pool "]
[Date "2021.07.13"]
[Round "6.25"]
[White "Prithu, Gupta"]
[Black "Barseghyan, Armen Ar"]
[Result "1/2-1/2"]
[WhiteElo "2472"]
[BlackElo "2316"]
[Annotator "Balkanchess"]
[PlyCount "97"]
[EventDate "2021.07.09"]

1. e4 c5 2. Nf3 Nc6 3. d4 cxd4 4. Nxd4 g6 5. c4 Nf6 6. Nc3 d6 7. Be2 Bg7 8. Be3
O-O 9. O-O Bd7 10. Qd2 Nxd4 11. Bxd4 Bc6 12. f3 a5 13. b3 Nd7 14. Be3 Nc5 15.
Rab1 Qb6 16. Rfc1 Rfc8 17. Rc2 Qd8 18. Nb5 Ne6 19. Rbc1 h5 20. Bf1 Kh7 21. g3
a4 22. b4 Bxb5 23. cxb5 Rxc2 24. Rxc2 Qh8 25. Qd5 Rc8 26. Rxc8 Qxc8 27. Bc4 Bc3
28. a3 Bb2 29. Qd3 Kg8 30. b6 Nf8 31. Bb5 Qe6 32. Bxa4 Qa2 33. Bb3 Qxa3 34. Qc4
e6 35. f4 Qa1+ 36. Kg2 Qe1 37. Bf2 Qc3 38. f5 Qxc4 39. Bxc4 Bc3 40. fxe6 fxe6
41. Be3 Kf7 42. Bb5 Bxb4 43. Bh6 Nh7 44. Bc6 Bc5 45. Bxb7 Bxb6 46. Bf4 Ke7 47.
h4 Bd4 48. Bc6 Bf6 {...75} 49. g4 1/2-1/2

[Event "International Tournament "]
[Site "Pool "]
[Date "2021.07.13"]
[Round "6.26"]
[White "Mohammad, Nubairshah Shaikh"]
[Black "Martic, Ivan"]
[Result "1-0"]
[WhiteElo "2436"]
[BlackElo "2314"]
[PlyCount "81"]
[EventDate "2021.07.09"]

1. d4 Nf6 2. c4 g6 3. Nc3 Bg7 4. e4 d6 5. Nf3 O-O 6. Be2 e5 7. O-O c6 8. Be3
Na6 9. d5 Ng4 10. Bg5 f6 11. Bh4 c5 12. Kh1 Nh6 13. a3 Nf7 14. Rb1 Bd7 15. b4
b6 16. Ne1 Ng5 17. Rb3 Bh6 18. Nd3 Kh8 19. Qa1 Qe7 20. bxc5 Nxc5 21. Nxc5 dxc5
22. a4 Qg7 23. a5 f5 24. Qb2 bxa5 25. Rb7 a4 26. Bd1 Rf7 27. Bxg5 Bxg5 28. Bxa4
Bxa4 29. Rxf7 Qxf7 30. Nxa4 Rc8 31. f4 fxe4 32. Qa1 Bh6 33. fxe5 Qe7 34. d6 Qe6
35. Rf6 Qxc4 36. d7 Rb8 37. e6 Qd4 38. Qxd4 cxd4 39. h4 Bf8 40. Rxf8+ Rxf8 41.
e7 1-0

[Event "International Tournament "]
[Site "Pool "]
[Date "2021.07.13"]
[Round "6.27"]
[White "Zarubitski, Viachaslau"]
[Black "Krasteva, Beloslava"]
[Result "1-0"]
[WhiteElo "2426"]
[BlackElo "2305"]
[Annotator "Balkanchess"]
[PlyCount "55"]
[EventDate "2021.07.09"]

1. Nf3 c5 2. b3 Nc6 3. Bb2 d6 4. d4 cxd4 5. Nxd4 e5 6. Nxc6 bxc6 7. g3 Nf6 8.
Bg2 Qc7 9. c4 d5 10. cxd5 cxd5 11. O-O Bb7 12. Nc3 d4 13. Nb5 Qd7 14. Bxb7 Qxb7
15. Qd3 Be7 16. Rac1 Nd5 17. e4 a6 18. exd5 axb5 19. Qe4 O-O 20. Qxe5 Bf6 21.
Rc7 Qb8 22. Qd6 Bd8 23. Rc6 Qxd6 24. Rxd6 d3 25. Bc3 Be7 26. Rd7 Rfc8 27. Rxe7
Rxc3 {...64} 28. h3 1-0